Jak dobrze znasz baner GeoMexa. - Statystyki

Ogólne statystyki
  • Ten quiz został rozwiązany 30 razy
  • Średni wynik to 8 z 10
Statystyki odpowiedzi
Hint Odpowiedź % Poprawnych
8. Jakie kolory flagi miała Islandia? (Wymień po przecinku) Niebieski
95%
9. Z kim Bułgaria sąsiadowała?
(Wymień po przecinku, zacznij od Południa i idź jak wskazówki zegara)
Grecją, Serbią, Rumunią
91%
5. Z kim Estonia sąsiadowała?
(Wymień po przecinku, zacznij od Południa i idź odwrotnie od wskazówek zegara)
Łotwą, Rosją, Finlandią
86%
6. Z kim Białoruś i Litwa sąsiadowały jednocześnie? Z... Polską i Rosją
86%
10. GeoMex zapomniał o... Danii
82%
1. Co zamiast herbu miała Słowacja? Gwiazdę
82%
4. Do kogo należała Irlandia Północna? Do... Irlandii
82%
7. Krym należał do... Ukrainy
82%
3. Czy na mapie były Korsyka i Sardynia? Nie
64%
2. Czy Mołdawia miała dostęp do Morza? Tak
45%
Nie znaleziono quizów pasujących do podanych kryteriów
Rozkład punktacji
Procent ludzi z każdym wynikiem
Percentyl według liczby udzielonych odpowiedzi
Twoja historia wyników
Nie rozwiązałeś tego quizu